[Event "EU-ch U20 Girls 3rd"]
[Site "Kula"]
[Date "1979.??.??"]
[Round "?"]
[White "Hund, Barbara"]
[Black "Granat, Helen"]
[Result "1/2-1/2"]
[WhiteElo "2105"]
[BlackElo "2055"]
[PlyCount "50"]
[EventDate "1979.??.??"]
[EventType "swiss"]
[EventCountry "YUG"]
[SourceTitle "EXT 2022"]
[Source "ChessBase"]
[SourceDate "2021.10.06"]
[SourceVersion "1"]
[SourceVersionDate "2021.10.06"]
[SourceQuality "1"]

1. e4 e5 2. Bc4 c6 3. Qe2 Nf6 4. Nf3 Qc7 5. d4 d5 6. exd5 e4 7. dxc6 Nxc6 8. d5 Na5 9. Bb5+ Bd7 10. Bd2 0-0-0 11. Nd4 Bg4 12. Qe3 Rxd5 13. Nc3 Re5 14. Qg3 Bc5 15. Nb3 Nxb3 16. axb3 e3 17. Bxe3 Bxe3 18. fxe3 Qc5 19. 0-0 Rxe3 20. b4 Qd4 21. Qf4 Re4+ 22. Qf2 Qxf2+ 23. Rxf2 Rxb4 24. Rxa7 Kb8 25. Ra4 Rxa4 1/2-1/2